书目信息 |
| 题名: |
房地产行业法律法规条文释义与纠纷应对方法及案例分析实务全书
|
|
| 作者: | 莫桂莉 , 陈玉洁 编著 | |
| 分册: | ||
| 出版信息: | 北京 企业管理出版社 2007.05 |
|
| 页数: | 593页 | |
| 开本: | 24cm | |
| 丛书名: | ||
| 单 册: | ||
| 中图分类: | D922.181 | |
| 科图分类: | ||
| 主题词: | 房地产--fang di chan--法规--法律解释--中国 , 房地产--fang di chan--民事纠纷--处理--案例--中国 | |
| 电子资源: | ||
| ISBN: | 978-7-80197-680-2 | |
| 000 | 01113nam0 2200253 450 | |
| 001 | 012008203494 | |
| 005 | 20080604103818.65 | |
| 010 | @a978-7-80197-680-2@b精装@dCNY98.00 | |
| 100 | @a20080604d2007 em y0chiy0120 ea | |
| 101 | 0 | @achi |
| 102 | @aCN@b110000 | |
| 105 | @aa z 000yy | |
| 106 | @ar | |
| 200 | 1 | @a房地产行业法律法规条文释义与纠纷应对方法及案例分析实务全书@Afang di chan hang ye fa lu fa gui tiao wen shi yi yu jiu fen ying dui fang fa ji an li fen xi shi wu quan shu@f莫桂莉, 陈玉洁编著@Fmo gui li,chen yu jie bian zhu |
| 210 | @a北京@c企业管理出版社@d2007.05 | |
| 215 | @a593页@c图@d24cm | |
| 330 | @a房地产行业是一个与国家、房地产开发商、销售商、经纪商以及广大公民利益息息相关的大行业。本书涵盖了房地产行业主要的法律法规,针对常见的纠纷案列,采用科学的编排方式,提供给广大使用者查阅的便利。 | |
| 606 | 0 | @a房地产@Afang di chan@x法规@x法律解释@y中国 |
| 606 | 0 | @a房地产@Afang di chan@x民事纠纷@x处理@x案例@y中国 |
| 690 | @aD922.181@v4 | |
| 701 | 0 | @a莫桂莉@Amo gui li@4编著 |
| 701 | 0 | @a陈玉洁@Achen yu jie@4编著 |
| 801 | 0 | @aCN@bQSSK@c20080604 |
| 905 | @b724029@dD922.181@eM853@f1 | |
| 房地产行业法律法规条文释义与纠纷应对方法及案例分析实务全书/莫桂莉, 陈玉洁编著.-北京:企业管理出版社,2007.05 |
| 593页:图;24cm |
| ISBN 978-7-80197-680-2(精装):CNY98.00 |
| 房地产行业是一个与国家、房地产开发商、销售商、经纪商以及广大公民利益息息相关的大行业。本书涵盖了房地产行业主要的法律法规,针对常见的纠纷案列,采用科学的编排方式,提供给广大使用者查阅的便利。 |
| ● |
| 相关链接 |
|
|
|
正题名:房地产行业法律法规条文释义与纠纷应对方法
索取号:D922.181/M853
 
预约/预借
| 序号 | 登录号 | 条形码 | 馆藏地/架位号 | 状态 | 备注 |
| 1 | 724029 | 207240298 | 社科库509/509社科库 85排8列2层/ [索取号:D922.181/M853] | 在馆 |